| 000 | 01506nas a2200433 c 4500 | ||
|---|---|---|---|
| 001 | 45892 | ||
| 003 | ES-MaCES | ||
| 005 | 20250409143314.0 | ||
| 006 | amr|p|r|||| 00| || | ||
| 007 | cr |n||||||||| | ||
| 008 | 150519c2015 sp mr|||||||| 0|||b0spa d | ||
| 017 | _aM 2-2015 | ||
| 022 | _a2386-8090 | ||
| 040 |
_aES-MaCES _bspa _cES-MaCES |
||
| 041 | 0 | _aspa | |
| 245 | 0 | 0 |
_aTrabajo y derecho _b : nueva revista de actualidad y relaciones laborales |
| 260 |
_aLas Rozas, Madrid _bWolters Kluwer España _c2015- |
||
| 300 |
_av. _c30 cm |
||
| 310 | _aMensual y 2 nos. monográficos al año | ||
| 362 | 0 | _aN. 1 (en. 2015)- | |
| 530 | _aDisponible ed. electrónica | ||
| 541 | _cCompra | ||
| 650 | 4 |
_927165 _aderecho del trabajo |
|
| 650 | 4 |
_927034 _aseguridad social |
|
| 650 | 4 |
_928299 _aempleo |
|
| 650 | 4 |
_928624 _ajurisprudencia |
|
| 650 | 4 |
_927166 _alegislación del trabajo |
|
| 650 | 4 |
_929855 _alegislación de seguridad social |
|
| 650 | 4 |
_928369 _arelaciones laborales |
|
| 650 | 4 |
_928377 _asindicato |
|
| 653 | 1 | 0 | _aRelaciones laborales-Empleo |
| 780 | 0 | 4 |
_tActualidad laboral : publicación semanal técnico-jurídica del trabajo y de la Seguridad Social _w(ES-MaCES)25022 |
| 780 | 0 | 4 |
_tRelaciones laborales : revista crítica de teoría y práctica _w(ES-MaCES)25210 |
| 856 | 4 |
_uhttps://miespacio.aranzadilaley.es/Account/Login _yLegalteca |
|
| 866 | 0 |
_a2015-2020. _zUbicación: DEPÓSITO - 55/1129 |
|
| 905 |
_fP-OL _kSÍ _pA |
||
| 942 |
_2CES _cCR _h2.0. |
||
| 999 |
_c45892 _d45892 |
||